Tự vị tiếng Việt Miền Nam

Salvato in:
Dettagli Bibliografici
Autore principale: Vương Hồng Sến
Natura: Libro
Lingua:English
Pubblicazione: Văn hóa 1993
Soggetti:
Tags: Aggiungi Tag
Nessun Tag, puoi essere il primo ad aggiungerne! !
Thư viện lưu trữ: Mạng thư viện Đại học Đà Nẵng
LEADER 01042cam a22003131a 4500
001 000033019
003 9148
005 20151021000000.0
008 151016s1993 vm 000 eng
041 |a eng 
082 |a 495.923  |b VƯ-S 
100 |a Vương Hồng Sến 
245 |a Tự vị tiếng Việt Miền Nam  |c Vương Hồng Sến 
260 |a Văn hóa  |c 1993 
300 |a 727tr. : mh ; 20 cm 
650 |a Tự vị, tiếng Việt, Miền Nam, Vương Hồng Sến, 1993 
852 |b Chuyên đề  |c Từ điền 1 
OWN |a LNN 
AVA |a UDN50  |b LNN  |d 495.923 VƯ-S  |e available  |t Error 5001 Not defined in file expand_doc_bib_avail.  |f 1  |g 0  |h N  |i 0  |k 1 
999 |a From the UDN01 
AVA |a UDN50  |b LNN  |d 495.923 VƯ-S  |e available  |t Error 5001 Not defined in file expand_doc_bib_avail.  |f 1  |g 0  |h N  |i 0  |k 1 
TYP |a Monograph 
980 |a Mạng thư viện Đại học Đà Nẵng